000
00244nam a22001217a 4500
003
SGT
082
_b
SIN
100
_a
SINGH, JAGDAMBA
245
_a
ORGANIC CHEMISTRY
260
_b
PRAGATI PRAKASHAN
_c
2018
300
_a
452
942
_2
ddc
_c
BK
_0
2
999
_c
15712
_d
15712